Handbook of computer maintenance and troubleshooting /

Bibliographic Details
Main Author: Maguire, Byron W., 1931-
Format: Book
Language:English
Published: Reston, Va. : Reston Pub. Co., [1973]
Subjects:

MARC

Tag First Indicator Second Indicator Subfields
LEADER 00000pam a2200000 4500
001 in00000096725
005 20150925090308.0
008 730530s1973 vaua 00110 eng
010 |a  73008932  
020 |a 0879093242  |c $18.00 
035 |a (OCoLC)00640948 
035 |9 AAL2438AM 
040 |a DLC  |c DLC  |d TXA  |d UtOrBLW 
049 |a TXAM  |c [717242] 
050 0 0 |a TK7887  |b .M35 
082 0 |a 621.3819/58/4 
100 1 |a Maguire, Byron W.,  |d 1931- 
245 1 0 |a Handbook of computer maintenance and troubleshooting /  |c [by] Byron W. Maguire. 
264 1 |a Reston, Va. :  |b Reston Pub. Co.,  |c [1973] 
300 |a xiii, 366 pages :  |b illustrations ;  |c 24 cm. 
336 |a text  |b txt  |2 rdacontent 
337 |a unmediated  |b n  |2 rdamedia 
338 |a volume  |b nc  |2 rdacarrier 
650 0 |a Electronic digital computers  |x Testing. 
650 0 |a Electronic digital computers  |x Maintenance and repair. 
650 0 |a Computer programming. 
999 |a MARS 
999 f f |s e3e12c03-01c0-37f0-a195-bc6634ac110d  |i f068ef82-ea2d-393a-b8e5-3984434bd865  |t 0 
952 f f |p ric  |a Texas A&M University  |b Rellis Campus  |c Joint Library Facility  |d Remote Storage  |t 0  |e TK7887 .M35  |h Library of Congress classification  |i unmediated -- volume  |m A14805511312 
998 f f |a TK7887 .M35  |t 0  |l Remote Storage